[Event "SVK-ch U14"]
[Site "Tatralandia"]
[Date "2024.04.09"]
[Round "6"]
[White "Hudak, Michal"]
[Black "Cerny, Filip"]
[Result "1-0"]
[WhiteElo "1706"]
[BlackElo "1643"]
[PlyCount "67"]
[EventDate "2024.04.05"]
[EventType "swiss"]
[EventRounds "9"]
[EventCountry "SVK"]
[SourceTitle "CB16_2024"]
[SourceDate "2024.04.17"]
[SourceVersion "1"]
[SourceVersionDate "2024.04.17"]
[SourceQuality "1"]

1. d4 d5 2. Nf3 Nf6 3. e3 e6 4. Bd3 c5 5. c3 Nc6 6. Nbd2 Bd6 7. 0-0 0-0 8. e4 e5 9. exd5 Nxd5 10. Be4 Bc7 11. dxe5 Nxe5 12. Nxe5 Bxe5 13. Bxh7+ Kh8 14. Bc2 g6 15. Ne4 Bf5 16. f4 Bg7 17. Ng3 Bxc2 18. Qxc2 Ne7 19. f5 gxf5 20. Nxf5 Ng6 21. Bh6 Bxh6 22. Nxh6 Kg7 23. Nf5+ Kg8 24. Qc1 Rc8 25. Qh6 Qf6 26. Qh5 Qh8 27. Qg5 Qh7 28. Ne7+ Kh8 29. Nxc8 Rxc8 30. Rf3 Kg8 31. Raf1 Rf8 32. Qxc5 b6 33. Qg5 Qg7 34. h4 1-0

[Event "SVK-ch U14"]
[Site "Tatralandia"]
[Date "2024.04.06"]
[Round "2"]
[White "Hudak, Michal"]
[Black "Ropovik, Samuel"]
[Result "0-1"]
[WhiteElo "1706"]
[BlackElo "1901"]
[PlyCount "96"]
[EventDate "2024.04.05"]
[EventType "swiss"]
[EventRounds "9"]
[EventCountry "SVK"]
[SourceTitle "CB16_2024"]
[SourceDate "2024.04.17"]
[SourceVersion "1"]
[SourceVersionDate "2024.04.17"]
[SourceQuality "1"]

1. Nf3 Nf6 2. g3 g6 3. Bg2 Bg7 4. 0-0 0-0 5. c4 d6 6. d4 Nbd7 7. Nc3 e5 8. dxe5 dxe5 9. e4 c6 10. Bg5 Qe7 11. Qe2 Nc5 12. Rad1 Bg4 13. h3 Bxf3 14. Bxf3 Ne6 15. Be3 Nd7 16. Bg2 Bf6 17. h4 Bg7 18. Bh3 Ndc5 19. h5 Nd4 20. Qg4 f5 21. exf5 gxf5 22. Bg5 Qf7 23. Rxd4 fxg4 24. Rxg4 Ne6 25. h6 Kh8 26. hxg7+ Nxg7 27. f4 Qxc4 28. Bh6 Rf7 29. fxe5 Rxf1+ 30. Kg2 Qxg4 31. Bxg4 Rf7 32. e6 Nxe6 33. Bxe6 Rf6 34. Bc4 Rxh6 35. Ne4 Rd8 36. Kf3 Rh2 37. b4 Rd4 38. Nd6 Rxd6 39. b5 cxb5 40. Bxb5 Rxa2 41. Kg4 Rb2 42. Bf1 a5 43. Kh5 a4 44. g4 Rh2+ 45. Kg5 Rg6+ 46. Kf5 Rf2+ 47. Ke5 Rxf1 48. Ke4 Re6+ 0-1

[Event "SVK-ch U14"]
[Site "Tatralandia"]
[Date "2024.04.05"]
[Round "1"]
[White "Bernard, Matthias"]
[Black "Hudak, Michal"]
[Result "0-1"]
[WhiteElo "1000"]
[BlackElo "1706"]
[PlyCount "50"]
[EventDate "2024.04.05"]
[EventType "swiss"]
[EventRounds "9"]
[EventCountry "SVK"]
[SourceTitle "CB16_2024"]
[SourceDate "2024.04.17"]
[SourceVersion "1"]
[SourceVersionDate "2024.04.17"]
[SourceQuality "1"]

1. e4 e6 2. Nf3 d5 3. exd5 exd5 4. d4 Nf6 5. Bf4 Bg4 6. Be2 Nc6 7. Nc3 Bb4 8. 0-0 0-0 9. Ne5 Bxe2 10. Nxe2 Ne7 11. Qd3 Qc8 12. Bg5 Ne4 13. Be3 c6 14. Ng3 f6 15. Nf3 f5 16. Bf4 Ng6 17. Be5 Qe6 18. a3 Bd6 19. Bxd6 Qxd6 20. Nd2 Nf4 21. Ndxe4 fxe4 22. Qe3 Qg6 23. f3 Rae8 24. Qb3 h5 25. h4 Qxg3 0-1

[Event "Skalica op-B"]
[Site "Skalica"]
[Date "2023.08.24"]
[Round "6"]
[White "Vogl, Zdenek"]
[Black "Hudak, Michal"]
[Result "1-0"]
[WhiteElo "1834"]
[BlackElo "1236"]
[PlyCount "65"]
[EventDate "2023.08.19"]
[EventType "swiss"]
[EventRounds "9"]
[EventCountry "SVK"]
[SourceTitle "CBM 215 Extra"]
[Source "ChessBase"]
[SourceDate "2023.09.30"]
[SourceVersion "1"]
[SourceVersionDate "2023.09.30"]
[SourceQuality "1"]

1. e4 e6 2. d4 d5 3. e5 c5 4. c3 Qb6 5. Nf3 Nc6 6. Be2 cxd4 7. cxd4 Bb4+ 8. Nc3 Nge7 9. 0-0 0-0 10. Na4 Qc7 11. a3 Ba5 12. b4 Bb6 13. Be3 Bd7 14. Rc1 a6 15. Bd3 Rac8 16. Ng5 Ng6 17. Nc5 Bxc5 18. Rxc5 Qd8 19. Qh5 h6 20. Nxf7 Rxf7 21. Qxg6 Qh4 22. Qh7+ Kf8 23. Bg6 Ke7 24. Bxf7 Kxf7 25. Qd3 Kg8 26. Qg6 Rf8 27. Qg3 Qh5 28. h3 Ne7 29. Qg4 Qf7 30. Rc7 Nf5 31. Qd1 Nh4 32. Rxb7 Qg6 33. Qg4 1-0

[Event "Skalica op-B"]
[Site "Skalica"]
[Date "2023.08.22"]
[Round "4"]
[White "Hudak, Michal"]
[Black "Korenek, Matus"]
[Result "1-0"]
[WhiteElo "1236"]
[BlackElo "1499"]
[PlyCount "61"]
[EventDate "2023.08.19"]
[EventType "swiss"]
[EventRounds "9"]
[EventCountry "SVK"]
[SourceTitle "CBM 215 Extra"]
[Source "ChessBase"]
[SourceDate "2023.09.30"]
[SourceVersion "1"]
[SourceVersionDate "2023.09.30"]
[SourceQuality "1"]

1. d4 d5 2. Nf3 Bf5 3. Bf4 e6 4. e3 Nf6 5. c4 Ne4 6. Bd3 Bb4+ 7. Ke2 Nc6 8. c5 g5 9. Bxe4 dxe4 10. Nxg5 Bg4+ 11. f3 exf3+ 12. gxf3 Bh5 13. a3 h6 14. Ne4 f5 15. Ng3 Bg6 16. axb4 Nxb4 17. Qa4+ Nc6 18. Nc3 h5 19. Qb3 Qd7 20. Bxc7 Qxc7 21. Qxe6+ Ne7 22. Nd5 Qd8 23. Nxe7 Bf7 24. Qe5 Kd7 25. Ngxf5 Rh7 26. Kf2 a6 27. Rhg1 a5 28. d5 Ra6 29. c6+ bxc6 30. dxc6+ Ke8 31. Ng6+ 1-0

[Event "SVK-ch Amateurs"]
[Site "Liptovsky Jan"]
[Date "2023.06.15"]
[Round "1"]
[White "Hudak, Michal"]
[Black "Ziaran, Viliam"]
[Result "0-1"]
[WhiteElo "1256"]
[BlackElo "1844"]
[PlyCount "83"]
[EventDate "2023.06.15"]
[EventType "swiss"]
[EventRounds "8"]
[EventCountry "SVK"]
[SourceTitle "CBM 214 Extra"]
[Source "ChessBase"]
[SourceDate "2023.07.31"]
[SourceVersion "1"]
[SourceVersionDate "2023.07.31"]
[SourceQuality "1"]

1. d4 d5 2. Nf3 Nf6 3. Bf4 c6 4. e3 Bg4 5. h3 Bh5 6. Bd3 e6 7. Nbd2 Bd6 8. Bg3 Bxg3 9. fxg3 Qd6 10. 0-0 Qxg3 11. e4 dxe4 12. Bxe4 Nbd7 13. Qe2 0-0 14. Rae1 Rad8 15. c3 Qc7 16. Qf2 c5 17. dxc5 Qxc5 18. Nb3 Qxf2+ 19. Rxf2 Nxe4 20. Rxe4 Bxf3 21. Nd4 b6 22. Rxf3 Nc5 23. Re5 Rd6 24. g4 f6 25. Re2 e5 26. Nf5 Rd1+ 27. Kg2 Kf7 28. Kg3 Rfd8 29. Rff2 R1d3+ 30. Kg2 Ne6 31. Ng3 Nf4+ 32. Rxf4 exf4 33. Nf5 Rd2 34. Kf3 R8d3+ 35. Ke4 Rxe2+ 36. Kxd3 Rxb2 37. Ke4 Rxa2 38. Kxf4 Ra3 39. Kg3 Rxc3+ 40. Kh4 a6 41. g5 a5 42. Ng3 0-1

[Event "SVK-ch U14"]
[Site "Dudince"]
[Date "2023.04.23"]
[Round "9"]
[White "Magda, Filip"]
[Black "Hudak, Michal"]
[Result "1/2-1/2"]
[WhiteElo "1659"]
[BlackElo "1339"]
[PlyCount "46"]
[EventDate "2023.04.16"]
[EventType "swiss"]
[EventRounds "9"]
[EventCountry "SVK"]
[SourceTitle "CBM 213 Extra"]
[Source "ChessBase"]
[SourceDate "2023.05.31"]
[SourceVersion "1"]
[SourceVersionDate "2023.05.31"]
[SourceQuality "1"]

1. e4 e6 2. d4 d5 3. exd5 exd5 4. c4 Nf6 5. Nf3 Be7 6. Nc3 0-0 7. h3 Re8 8. Be3 Bf5 9. Qb3 b6 10. cxd5 c6 11. dxc6 Nxc6 12. Be2 Nb4 13. Rc1 a6 14. 0-0 b5 15. a3 Nd3 16. Bxd3 Bxd3 17. Rfd1 Bc4 18. Qc2 Rc8 19. Ne5 Be6 20. Qd2 b4 21. axb4 Bxb4 22. Qd3 Bb3 23. Rd2 Nd5 1/2-1/2

[Event "SVK-ch U14"]
[Site "Dudince"]
[Date "2023.04.19"]
[Round "5"]
[White "Hudak, Michal"]
[Black "Cech, Matej2222"]
[Result "1/2-1/2"]
[WhiteElo "1339"]
[BlackElo "1370"]
[PlyCount "52"]
[EventDate "2023.04.16"]
[EventType "swiss"]
[EventRounds "9"]
[EventCountry "SVK"]
[SourceTitle "CBM 213 Extra"]
[Source "ChessBase"]
[SourceDate "2023.05.31"]
[SourceVersion "1"]
[SourceVersionDate "2023.05.31"]
[SourceQuality "1"]

1. d4 d5 2. Nf3 e6 3. e3 c5 4. c3 Nc6 5. Nbd2 Nf6 6. Bd3 Bd6 7. dxc5 Bxc5 8. b3 0-0 9. Bb2 e5 10. Bb5 e4 11. Nd4 Nxd4 12. cxd4 Bd6 13. h3 Bd7 14. Bxd7 Qxd7 15. 0-0 Rac8 16. Rc1 Bb4 17. Re1 Qb5 18. a3 Bxd2 19. Qxd2 Qxb3 20. Rxc8 Rxc8 21. Rc1 Rxc1+ 22. Qxc1 Qc4 23. f3 Qxc1+ 24. Bxc1 Kf8 25. a4 b6 26. Kf2 Ke8 1/2-1/2

[Event "SVK-ch U14"]
[Site "Dudince"]
[Date "2023.04.16"]
[Round "1"]
[White "Hudak, Michal"]
[Black "Sahidi, Sear"]
[Result "0-1"]
[WhiteElo "1339"]
[BlackElo "1727"]
[PlyCount "50"]
[EventDate "2023.04.16"]
[EventType "swiss"]
[EventRounds "9"]
[EventCountry "SVK"]
[SourceTitle "CBM 213 Extra"]
[Source "ChessBase"]
[SourceDate "2023.05.31"]
[SourceVersion "1"]
[SourceVersionDate "2023.05.31"]
[SourceQuality "1"]

1. d4 d5 2. Nf3 Nf6 3. e3 Bf5 4. Bd3 Bg6 5. 0-0 e6 6. Re1 c5 7. c3 Nc6 8. Bc2 Bd6 9. Nbd2 Rc8 10. e4 dxe4 11. Nxe4 Nxe4 12. Bxe4 cxd4 13. cxd4 0-0 14. b3 Qb6 15. Bb2 Rfd8 16. Bxg6 hxg6 17. Re4 Rd7 18. Qd2 Nb4 19. d5 Nxd5 20. Rh4 Nf6 21. g3 Bxg3 22. Rc1 Rxc1+ 23. Qxc1 Qxf2+ 24. Kh1 Qxf3+ 25. Kg1 Rd1+ 0-1

[Event "Skalica op-B"]
[Site "Skalica"]
[Date "2022.08.24"]
[Round "5"]
[White "Kastler, Peter"]
[Black "Hudak, Michal"]
[Result "1-0"]
[WhiteElo "1617"]
[BlackElo "1347"]
[PlyCount "103"]
[EventDate "2022.08.20"]
[EventType "swiss"]
[EventRounds "9"]
[EventCountry "SVK"]
[SourceTitle "CBM 209 Extra"]
[Source "ChessBase"]
[SourceDate "2022.09.30"]
[SourceVersion "1"]
[SourceVersionDate "2022.09.30"]
[SourceQuality "1"]

1. b3 d5 2. Bb2 Nc6 3. e3 e5 4. Bb5 Nge7 5. Bxe5 a6 6. Bxc6+ Nxc6 7. Bb2 Bd6 8. d3 Qe7 9. Nf3 Bd7 10. Nc3 Be6 11. 0-0 h5 12. Re1 0-0-0 13. Ne2 Rh6 14. Ned4 Nxd4 15. Bxd4 g5 16. e4 g4 17. exd5 gxf3 18. dxe6 Bxh2+ 19. Kxh2 Qh4+ 20. Kg1 fxg2 21. Kxg2 Rxd4 22. e7 Rg6+ 23. Kf1 Qh3+ 24. Ke2 Re6+ 25. Kd2 Kd7 26. e8Q+ Kxe8 27. Rxe6+ fxe6 28. Qe2 Kd7 29. Rg1 Rg4 30. Rxg4 Qxg4 31. Qxg4 hxg4 32. Ke3 Kd6 33. Kf4 Kd5 34. c3 c5 35. Kxg4 b5 36. Kf4 a5 37. Ke3 c4 38. dxc4+ bxc4 39. b4 axb4 40. cxb4 e5 41. a4 e4 42. a5 c3 43. Ke2 Kc4 44. Kd1 Kd3 45. a6 c2+ 46. Kc1 Ke2 47. a7 Kxf2 48. a8Q e3 49. Kxc2 e2 50. Qe8 e1N+ 51. Qxe1+ Kxe1 52. b5 1-0

[Event "SVK-ch U12"]
[Site "Stara Lubovna"]
[Date "2022.05.27"]
[Round "8"]
[White "Hudak, Michal"]
[Black "Dvorak, Alfred"]
[Result "1/2-1/2"]
[WhiteElo "1169"]
[BlackElo "1239"]
[PlyCount "125"]
[EventDate "2022.05.21"]
[EventType "swiss"]
[EventRounds "9"]
[EventCountry "SVK"]
[SourceTitle "CBM 208 Extra"]
[Source "ChessBase"]
[SourceDate "2022.07.31"]
[SourceVersion "1"]
[SourceVersionDate "2022.07.31"]
[SourceQuality "1"]

1. d4 d5 2. Nf3 Nf6 3. e3 Bf5 4. Bd3 Bg6 5. 0-0 e6 6. c4 c6 7. cxd5 exd5 8. Qc2 Bxd3 9. Qxd3 Nbd7 10. Nc3 Bd6 11. Re1 0-0 12. e4 dxe4 13. Nxe4 Nxe4 14. Rxe4 Re8 15. Bg5 Qc7 16. Rh4 g6 17. Rh6 Bf8 18. Rh4 Qa5 19. Bh6 Bxh6 20. Rxh6 Qd5 21. Qd2 f6 22. Rh4 Re4 23. Rh3 Rb8 24. Qd3 Rbe8 25. Qb3 Qxb3 26. axb3 a6 27. Kf1 Kg7 28. Re1 g5 29. Rxe4 Rxe4 30. Ne1 Rxd4 31. Rd3 Rd5 32. Rxd5 cxd5 33. Nf3 Nc5 34. Nd4 Nd3 35. Ke2 Nf4+ 36. Kf3 Kg6 37. g3 Nd3 38. Ke3 Ne5 39. h3 h5 40. f4 Nd7 41. f5+ Kf7 42. Ne6 b6 43. Kd4 Ne5 44. Kxd5 Nf3 45. Kc6 h4 46. gxh4 Nxh4 47. Kxb6 Nxf5 48. Nxg5+ fxg5 49. Kxa6 Nd6 50. b4 Kf6 51. b5 Kf5 52. b4 Kf4 53. b6 Kg3 54. b7 Nxb7 55. Kxb7 Kxh3 56. Kc7 g4 57. b5 g3 58. b6 g2 59. b7 g1Q 60. b8Q Qg3+ 61. Kb7 Qb3+ 62. Ka8 Qa4+ 63. Qa7 1/2-1/2

[Event "SVK-ch U12"]
[Site "Stara Lubovna"]
[Date "2022.05.25"]
[Round "6"]
[White "Durovka, Marek"]
[Black "Hudak, Michal"]
[Result "1-0"]
[WhiteElo "1827"]
[BlackElo "1169"]
[PlyCount "29"]
[EventDate "2022.05.21"]
[EventType "swiss"]
[EventRounds "9"]
[EventCountry "SVK"]
[SourceTitle "CBM 208 Extra"]
[Source "ChessBase"]
[SourceDate "2022.07.31"]
[SourceVersion "1"]
[SourceVersionDate "2022.07.31"]
[SourceQuality "1"]

1. d4 f5 2. Nf3 Nf6 3. e3 e6 4. Bd3 Nc6 5. c4 Be7 6. Nc3 Bb4 7. 0-0 Bxc3 8. bxc3 d6 9. Ba3 0-0 10. Rb1 b6 11. Qe2 Ba6 12. d5 exd5 13. cxd5 Nxd5 14. Bxa6 Nxc3 15. Qc4+ 1-0

[Event "SVK-ch U12"]
[Site "Stara Lubovna"]
[Date "2022.05.23"]
[Round "3"]
[White "Hudak, Michal"]
[Black "Papay, Aurel"]
[Result "1-0"]
[WhiteElo "1169"]
[BlackElo "1000"]
[PlyCount "59"]
[EventDate "2022.05.21"]
[EventType "swiss"]
[EventRounds "9"]
[EventCountry "SVK"]
[SourceTitle "CBM 208 Extra"]
[Source "ChessBase"]
[SourceDate "2022.07.31"]
[SourceVersion "1"]
[SourceVersionDate "2022.07.31"]
[SourceQuality "1"]

1. Nf3 Nc6 2. d4 d5 3. Bf4 Nf6 4. e3 a6 5. Nbd2 Bf5 6. Bd3 Bg6 7. 0-0 e6 8. a3 Bd6 9. Bxd6 Qxd6 10. Qe2 Bxd3 11. Qxd3 h6 12. Rac1 0-0 13. c4 b6 14. Rc2 Ne7 15. Rfc1 c5 16. dxc5 Qxc5 17. b4 dxc4 18. Rxc4 Qh5 19. Ne4 Nxe4 20. Qxe4 Rfd8 21. Rd4 Nf5 22. Rxd8+ Rxd8 23. Qe5 Rd5 24. Qb8+ Kh7 25. e4 Rd7 26. exf5 Qxf5 27. Qxb6 Qd3 28. h3 Qxa3 29. Qc6 Qd3 30. Ne5 1-0

[Event "SVK-ch U12"]
[Site "Stara Lubovna"]
[Date "2022.05.22"]
[Round "2"]
[White "Ropovik, Samuel"]
[Black "Hudak, Michal"]
[Result "1-0"]
[WhiteElo "1453"]
[BlackElo "1169"]
[PlyCount "51"]
[EventDate "2022.05.21"]
[EventType "swiss"]
[EventRounds "9"]
[EventCountry "SVK"]
[SourceTitle "CBM 208 Extra"]
[Source "ChessBase"]
[SourceDate "2022.07.31"]
[SourceVersion "1"]
[SourceVersionDate "2022.07.31"]
[SourceQuality "1"]

1. e4 c5 2. Nf3 e6 3. b3 Nc6 4. Bb2 d6 5. d4 cxd4 6. Nxd4 Nxd4 7. Bxd4 Nf6 8. Nc3 e5 9. Be3 Be6 10. f3 a6 11. g4 d5 12. exd5 Bxd5 13. Nxd5 Nxd5 14. Bd2 Bc5 15. Qe2 Qf6 16. 0-0-0 0-0 17. Qe4 Rfd8 18. Bc4 Ba3+ 19. Kb1 Nc3+ 20. Bxc3 Rxd1+ 21. Rxd1 Rd8 22. Rxd8+ Qxd8 23. Qd5 Qf6 24. Qxe5 Qh6 25. Qe8+ Bf8 26. Qxf7+ 1-0

[Event "SVK-ch U12"]
[Site "Stara Lubovna"]
[Date "2022.05.21"]
[Round "1"]
[White "Hudak, Michal"]
[Black "Stavac, Teodor"]
[Result "1-0"]
[WhiteElo "1169"]
[BlackElo "1000"]
[PlyCount "63"]
[EventDate "2022.05.21"]
[EventType "swiss"]
[EventRounds "9"]
[EventCountry "SVK"]
[SourceTitle "CBM 208 Extra"]
[Source "ChessBase"]
[SourceDate "2022.07.31"]
[SourceVersion "1"]
[SourceVersionDate "2022.07.31"]
[SourceQuality "1"]

1. e4 e5 2. Nf3 Nc6 3. Bc4 Bc5 4. c3 Nf6 5. d3 d6 6. Nbd2 0-0 7. h3 Bd7 8. Nf1 Re8 9. Ng3 a6 10. 0-0 Be6 11. Bb3 d5 12. Nxe5 Nxe5 13. d4 Bd6 14. dxe5 Bxe5 15. exd5 Bxd5 16. Bxd5 Nxd5 17. Qf3 c6 18. Re1 Bd6 19. Bd2 Qb6 20. b3 Rad8 21. Nf5 Qc5 22. b4 Qc4 23. Nxd6 Rf8 24. Nxc4 b5 25. Ne5 Rde8 26. Qg3 f6 27. Bh6 Re7 28. Nxc6 Rd7 29. Ne7+ Rxe7 30. Rxe7 Rf7 31. Re8+ Rf8 32. Qxg7# 1-0

[Event "EU-ch Schools U11"]
[Site "Tornelo INT"]
[Date "2021.12.05"]
[Round "7"]
[White "Hudak, Michal"]
[Black "Lavrishchev, Matvei"]
[Result "0-1"]
[WhiteElo "1159"]
[BlackElo "1324"]
[PlyCount "70"]
[EventDate "2021.12.03"]
[EventType "swiss (rapid)"]
[EventRounds "7"]
[EventCountry "NET"]
[SourceTitle "EXT 2023"]
[Source "ChessBase"]
[SourceDate "2022.10.05"]
[SourceVersion "1"]
[SourceVersionDate "2022.10.05"]
[SourceQuality "1"]

1. e4 c5 2. Nf3 Nc6 3. Bc4 e6 4. d3 d5 5. exd5 exd5 6. Bb3 Nf6 7. 0-0 Be7 8. Bg5 0-0 9. Nbd2 Be6 10. c3 b6 11. d4 c4 12. Ba4 Qc7 13. Qc2 a6 14. Bxc6 Qxc6 15. Ne5 Qc7 16. Ndf3 h6 17. Bh4 b5 18. Bg3 Bd6 19. Rae1 Ne4 20. Bf4 Bf5 21. Qc1 f6 22. Ng6 Bxg6 23. Bxd6 Qxd6 24. Nd2 Nxd2 25. Qxd2 Bd3 26. Re3 Bxf1 27. Kxf1 Rae8 28. Qe2 Rxe3 29. Qxe3 Kf7 30. h3 Re8 31. Qf3 Qe6 32. Qd1 Qe4 33. Qh5+ Kf8 34. Qd1 Qd3+ 35. Qxd3 cxd3 0-1

[Event "EU-ch Schools U11"]
[Site "Tornelo INT"]
[Date "2021.12.04"]
[Round "5"]
[White "Bilik, Matej"]
[Black "Hudak, Michal"]
[Result "1-0"]
[WhiteElo "1487"]
[BlackElo "1159"]
[PlyCount "75"]
[EventDate "2021.12.03"]
[EventType "swiss (rapid)"]
[EventRounds "7"]
[EventCountry "NET"]
[SourceTitle "EXT 2023"]
[Source "ChessBase"]
[SourceDate "2022.10.05"]
[SourceVersion "1"]
[SourceVersionDate "2022.10.05"]
[SourceQuality "1"]

1. e4 e5 2. Nf3 Nc6 3. Bc4 Nf6 4. d3 Bc5 5. 0-0 d6 6. h3 a6 7. a4 0-0 8. Bg5 h6 9. Bh4 Ne7 10. Bxf6 gxf6 11. Nc3 f5 12. Qd2 f4 13. Qe2 Ng6 14. Nh2 Qg5 15. Nf3 Qh5 16. Nd5 Kg7 17. Nxc7 Rb8 18. Nd5 Nh4 19. Kh2 Nxg2 20. Ng1 Bg4 21. Qxg4+ Qxg4 22. hxg4 Nh4 23. Nh3 Bd4 24. c3 Bc5 25. b4 Bb6 26. Nxb6 Rbd8 27. Nd5 Nf3+ 28. Kg2 Nd2 29. Rg1 Nxc4 30. dxc4 Rc8 31. Nb6 Rc6 32. a5 Rc7 33. g5 hxg5 34. Nxg5 Kf6 35. Nh7+ Ke7 36. Nxf8 Kxf8 37. Kf3 Rc6 38. Rg5 1-0

[Event "EU Union-ch U12"]
[Site "Kouty nad Desnou"]
[Date "2021.08.15"]
[Round "2.8"]
[White "Tichy, Tomas1111"]
[Black "Hudak, Michal"]
[Result "1-0"]
[WhiteElo "1513"]
[BlackElo "1182"]
[PlyCount "75"]
[EventDate "2021.08.14"]
[EventType "swiss"]
[EventRounds "9"]
[EventCountry "CZE"]
[SourceTitle "EXT 2022"]
[Source "ChessBase"]
[SourceDate "2021.10.06"]
[SourceVersion "1"]
[SourceVersionDate "2021.10.06"]
[SourceQuality "1"]

1. e4 e5 2. d4 exd4 3. Qxd4 Nc6 4. Qe3 Nf6 5. Nc3 Bb4 6. Bd2 d6 7. 0-0-0 0-0 8. Bc4 Re8 9. Nge2 Qe7 10. f3 Be6 11. Bxe6 Qxe6 12. Nf4 Qc4 13. Kb1 a5 14. a3 Bc5 15. Qe1 a4 16. Ncd5 Nxd5 17. Nxd5 Bb6 18. Qg3 Re6 19. Bc3 Rg6 20. Qh4 Ba5 21. Bxa5 Rxa5 22. Qh3 Re6 23. Nxc7 Re8 24. Nxe8 Nd4 25. c3 Rb5 26. Rxd4 Qxc3 27. Rb4 h6 28. bxc3 Re5 29. Nf6+ gxf6 30. Qxh6 Re8 31. Rxb7 d5 32. Qxf6 Rf8 33. h4 d4 34. h5 dxc3 35. h6 c2+ 36. Ka2 c1N+ 37. Rxc1 Rb8 38. Qg7# 1-0

[Event "SVK-ch U12"]
[Site "Stara Lubovna"]
[Date "2021.07.02"]
[Round "8"]
[White "Ropovik, Samuel"]
[Black "Hudak, Michal"]
[Result "1/2-1/2"]
[WhiteElo "1135"]
[BlackElo "1212"]
[PlyCount "47"]
[EventDate "2021.06.26"]
[EventType "swiss"]
[EventRounds "9"]
[EventCountry "SVK"]
[SourceTitle "CBM 203 Extra"]
[Source "ChessBase"]
[SourceDate "2021.09.30"]
[SourceVersion "1"]
[SourceVersionDate "2021.09.30"]
[SourceQuality "1"]

1. e4 c5 2. Nf3 d6 3. Bb5+ Bd7 4. Bc4 Nf6 5. Nc3 g6 6. d4 cxd4 7. Nxd4 Bg7 8. f3 a6 9. Be3 0-0 10. Qd2 Nc6 11. 0-0-0 Rc8 12. Bb3 Ne5 13. g4 Nc4 14. Bxc4 Rxc4 15. Kb1 Qa5 16. Nb3 Qc7 17. Bh6 Rc8 18. Bxg7 Kxg7 19. h4 h5 20. e5 dxe5 21. g5 Bf5 22. gxf6+ exf6 23. Nc1 b5 24. Nd3 1/2-1/2

[Event "SVK-ch U12"]
[Site "Stara Lubovna"]
[Date "2021.06.30"]
[Round "6"]
[White "Demjan, David"]
[Black "Hudak, Michal"]
[Result "1-0"]
[WhiteElo "1321"]
[BlackElo "1212"]
[PlyCount "61"]
[EventDate "2021.06.26"]
[EventType "swiss"]
[EventRounds "9"]
[EventCountry "SVK"]
[SourceTitle "CBM 203 Extra"]
[Source "ChessBase"]
[SourceDate "2021.09.30"]
[SourceVersion "1"]
[SourceVersionDate "2021.09.30"]
[SourceQuality "1"]

1. d4 d5 2. c4 c6 3. Nc3 Bf5 4. Qb3 dxc4 5. Qxb7 Nd7 6. Qxc6 Rc8 7. Qa4 Qb6 8. e4 Bg6 9. Bxc4 Qxd4 10. Bxf7+ Bxf7 11. Qxd4 e5 12. Qxa7 Ngf6 13. Nf3 Bb4 14. 0-0 g5 15. Bxg5 Nh5 16. a3 Be7 17. Bxe7 Kxe7 18. Nxe5 Rcd8 19. Nc6+ Ke8 20. Nxd8 Bc4 21. Rfd1 Nhf6 22. Rxd7 Nxd7 23. Rd1 Ne5 24. Qd4 Be6 25. Qxe5 Ke7 26. Qg7+ Ke8 27. Qxh8+ Ke7 28. Nxe6 h6 29. Qf8+ Kxe6 30. Rd6+ Ke5 31. f4# 1-0

[Event "SVK-ch U12"]
[Site "Stara Lubovna"]
[Date "2021.06.28"]
[Round "3"]
[White "Vida, Gergo1111"]
[Black "Hudak, Michal"]
[Result "0-1"]
[WhiteElo "1084"]
[BlackElo "1212"]
[PlyCount "50"]
[EventDate "2021.06.26"]
[EventType "swiss"]
[EventRounds "9"]
[EventCountry "SVK"]
[SourceTitle "CBM 203 Extra"]
[Source "ChessBase"]
[SourceDate "2021.09.30"]
[SourceVersion "1"]
[SourceVersionDate "2021.09.30"]
[SourceQuality "1"]

1. d4 Nf6 2. c4 e6 3. Nf3 d6 4. Nc3 Nbd7 5. e4 b6 6. Bd3 Bb7 7. Qc2 e5 8. dxe5 dxe5 9. 0-0 Bc5 10. a3 a5 11. b3 Nf8 12. Bb2 Ng6 13. Rfd1 Qc8 14. h3 0-0 15. Ne2 Re8 16. Ng3 Bc6 17. Bc3 Bd7 18. Nf5 Nf4 19. Nxe5 Be6 20. Nf3 N6h5 21. g4 Bxf5 22. exf5 Nxd3 23. Qxd3 Nf4 24. Qc2 Qb7 25. Nh4 Re2 0-1

[Event "Liptovsky Jan Slovak op U2200"]
[Site "Liptovsky Jan"]
[Date "2021.06.20"]
[Round "6"]
[White "Hudak, Michal"]
[Black "Ihnat, Marek"]
[Result "0-1"]
[WhiteElo "1212"]
[BlackElo "1472"]
[PlyCount "41"]
[EventDate "2021.06.17"]
[EventType "swiss"]
[EventRounds "7"]
[EventCountry "SVK"]
[SourceTitle "CBM 203 Extra"]
[Source "ChessBase"]
[SourceDate "2021.09.30"]
[SourceVersion "1"]
[SourceVersionDate "2021.09.30"]
[SourceQuality "1"]

1. e4 c6 2. d4 d5 3. e5 Bf5 4. f4 e6 5. Nf3 h6 6. Nbd2 Nd7 7. c4 dxc4 8. Nxc4 Nb6 9. Bd3 Bb4+ 10. Kf1 Bxd3+ 11. Qxd3 Nxc4 12. Qxc4 Ba5 13. b4 Bc7 14. a4 Ne7 15. g4 0-0 16. h4 Nd5 17. a5 f6 18. h5 a6 19. Ke1 fxe5 20. dxe5 Qe7 21. g5 0-1

[Event "SVK-ch U10"]
[Site "Lubovna"]
[Date "2020.08.22"]
[Round "9"]
[White "Hudak, Michal"]
[Black "Strapec, Tomas"]
[Result "1-0"]
[WhiteElo "1176"]
[BlackElo "1088"]
[PlyCount "65"]
[EventDate "2020.08.15"]
[EventType "swiss"]
[EventRounds "9"]
[EventCountry "SVK"]
[SourceTitle "EXT 2021"]
[Source "ChessBase"]
[SourceDate "2020.10.23"]
[SourceVersion "1"]
[SourceVersionDate "2020.10.23"]
[SourceQuality "1"]

1. e4 e5 2. Nf3 Nc6 3. Bc4 Bc5 4. d3 Nf6 5. c3 0-0 6. Nbd2 d6 7. h3 h6 8. Nf1 Nh5 9. g4 Nf4 10. Ng3 Nxh3 11. Rxh3 Bxg4 12. Rh2 Qf6 13. Nf5 Bxf5 14. exf5 Qxf5 15. Bd5 Nd8 16. Be4 Qg4 17. Bg5 f5 18. Bd5+ Kh8 19. Qd2 Nf7 20. 0-0-0 c6 21. Rg1 Qxg1+ 22. Nxg1 cxd5 23. Nf3 e4 24. Ne1 Kg8 25. d4 Bb6 26. Bf4 Bd8 27. Qe3 g5 28. Qg3 Re8 29. Ng2 Kf8 30. Bxd6+ Nxd6 31. Qxd6+ Be7 32. Qxd5 Rad8 33. Qxf5+ 1-0